American Dad Roger's Personas - Statistics

General Stats
  • This quiz has been taken 407 times
    185 since last reset
  • The average score is 29 of 343
Answer Stats
MAnswer % Correct
Ricky Spanish
64%
MC Raw G.
62%
Brittney M
61%
Uncle Roger
49%
Jeannie Gold
47%
Natapong W.
47%
Hayley Smith
42%
The Legman
42%
Francine Smith
40%
Kevin Bacon
40%
Stan Smith
40%
Steve Smith
40%
Clip Clop
39%
Dr. Penguin
39%
Jenny Fromdabloc
38%
Klaus Hiesler
38%
Jeff Fischer
32%
Laura Vanderbooben
30%
Jesus
29%
Tearjerker
27%
Max Jets
26%
Kevin Ramage
25%
Boba Fett
23%
Greedo
22%
Martin Sugar
22%
Moses
22%
Sidney Huffman
22%
Belle
21%
Dan Ansom Handsome
21%
Abigail Lemonparty
19%
Arnold Schwarzenegger
19%
Gordon Ramsay
19%
Kurt Cobain
19%
Marmalade
19%
Roy Rogers McFreely
19%
Gollum
18%
Jojo Keen Wa
18%
Krispy Kreme McDonald
18%
Oscar Gold
18%
Raider Dave
18%
Tom Yabo
18%
Chex LeMeneux
17%
Horse Renoir
17%
Jerry Jets
17%
Julia
17%
Predator
17%
Ruby Zeldastein
17%
Santa Claus
17%
Sholanda Dykes
17%
General Juanito Pequeno
16%
Jesse
16%
Professor R. Baxter
16%
Renegade
16%
South Dakota Slim
16%
Tony
16%
Andy Warhol
14%
Cher
14%
Dr. Roger Smith
14%
Geniveve Vavance
14%
Indiana Jones
14%
Jacob
14%
Parker Peters
14%
Ragi-Baba
14%
Scarlett O'Hara
14%
The Phantom of the Telethon
14%
The Weeknd
14%
Alfalfa
13%
Alice
13%
Caitlyn Miracle Smith
13%
Elmer Fudd
13%
Lawrence of Arabia
13%
Pinnochio
13%
Roland Chang
13%
Sergeant Pepper
13%
Ace Chapman
12%
Dudley Dingleberry
12%
Israel Kamakawiwo'ole
12%
Joe Dirt
12%
Si and Am
12%
The Tender Vigilante
12%
Toro
12%
Twill Ongenbone
12%
Bing Cooper
10%
Captain Francois Dubonais
10%
Cat Woman
10%
Chilly
10%
Cousin Phil
10%
Dr. Gerald Ya Ya
10%
Greater Chimdale County Man
10%
Mr. Vanderhill
10%
Ramona
10%
Reganomics Lamborghini
10%
Sleeping Beauty
10%
Syngent St. John
10%
Applesauce
9%
Braf Zachlin
9%
Fabio
9%
Gina Lavetti
9%
Jesse Pinkman
9%
Little Bonnie Ramirez
9%
Pablo Picasso
9%
Pete Van Smash
9%
Puss-in-Boots
9%
Raul
9%
Ryu
9%
Valik
9%
Amber
8%
Branden Ramage
8%
Charles Bronson
8%
Clive Trotter
8%
Cuss Mustard
8%
Dom Fikowski
8%
El Narco
8%
Gallagher
8%
Jack Dawson
8%
Phil Spector
8%
Rub Rub Tuggington
8%
Schmanta Claus
8%
Shaman Randy
8%
Shebecca Escrow
8%
Tasha Flunchen
8%
Winfry
8%
A. Paul Gary
6%
Becky Tenderharts
6%
Billy Jesusworth
6%
Clifton
6%
Dr. Sunny Sunderson
6%
Jackie Kanken
6%
Lacey Krinklehoel
6%
Luke Fondelberg
6%
Madame Buttercup
6%
Mary Tyler Moore
6%
Michael Corbin
6%
Mr. Deliver
6%
Mrs. Weinsteinopolis
6%
Rashid
6%
Robin Hood
6%
Rufus P. Melonballer
6%
Scotch Bingeington
6%
Sherlock Groans
6%
The Gambler
6%
The Grounch
6%
Trish
6%
Uncle Kappy
6%
Ziggy Stardust
6%
Arbuckle T. Boone
5%
Burt Jarvis
5%
Calypso Banana Puffy-Sleeves
5%
Chantilly Dubois
5%
Christopher
5%
Coach Burton Grundy
5%
Dalton Galloway
5%
Dick Keebler
5%
Dr. Buttblast
5%
Dr. F. Lance Shoeman
5%
Emmy-Lou Sugarbean
5%
Fantasia Lopez
5%
Freddie Underwood
5%
Freddy Underwood
5%
Gerald
5%
Jean Louise Finch
5%
Josay Bosay
5%
Lazlo Morphine
5%
Meredith Fields
5%
Miles Raymond
5%
Naomi Carcaterra
5%
Paul Gary
5%
Roger Epstein
5%
Ryan
5%
Sensei Ryan
5%
Skyler Montesori
5%
Tony Montana
5%
Wally Wrobel
5%
Applebee McFridays
4%
Blind Justice
4%
Chaz Babylon
4%
Deep Throat
4%
Deganya
4%
Dr. Jordan Edilstein
4%
Dr. Kenji
4%
Edna
4%
Elisha Wilkner
4%
Erastus Junipero Horton
4%
Evel Knievel
4%
Fickser
4%
Frankie Carconi
4%
Frank Trueblue
4%
Hazel Bazels
4%
Hibachi Liberace
4%
Huge Jeanman Jackman
4%
Jamirquai J. Spunklestain
4%
Jim
4%
Ken Bone
4%
Lance
4%
Lestat de Lioncourt
4%
LeVar Crush
4%
Maynard Butterbean
4%
Mike Microscope
4%
Mr. Mustachos
4%
Mrs. Nesbaum
4%
Nacho Bartiromo
4%
Omar
4%
Pasta Focaccia
4%
Patrice Mixhole
4%
Professor Dickens Longbottom
4%
Rafferty Westmore
4%
Richard Langly
4%
Roslyn Jenkins
4%
Rudolpho Mayerling
4%
Sarah Tobias
4%
Stan Matthews
4%
Staples McFoldsalot
4%
Tawney Luxardo
4%
Tony Mendez
4%
Uncle Cosworth
4%
Velma Kelly
4%
Walt Whipman
4%
Warren Beanstalk
4%
Winston Equity III
4%
Yuckov McGruder
4%
Ace Crouton
3%
Andy Glan
3%
Apothe-Carrie Bradshaw
3%
A. Poth E. Cary
3%
Barbara Walters
3%
Barry Weiss
3%
Benjamin
3%
Bill Cutler
3%
Blossom Russo
3%
Boss Godfrey
3%
Brother Jenkins
3%
Buck Wetnap
3%
Cecilia Takaru
3%
Chunk Dunkirk
3%
Cleshawn Montegue
3%
Clint Mcglint
3%
Dimitri Garabedian
3%
Dimitrius Fitzpatio
3%
Donald
3%
Donna
3%
Dr. Dante Octavarius
3%
Dr. Steele Birchington
3%
Ed Dickle
3%
Eric Reynolds
3%
Frank Slade
3%
Frenchus Mallmank
3%
George Hamilton
3%
Giardia Capitosto
3%
Gladhandz
3%
Gord Gullmax
3%
Grandma Macadoo
3%
Gust Breezer
3%
Harriet Bustax
3%
Hershel Hirshbaum
3%
Hipster Dennis
3%
Hollander Hollandaise
3%
Jameson McSmirnoff
3%
Jeffery Neiderhoff
3%
Jenna Diarrhea Evans
3%
Kay Pardo-Simcard
3%
Lieutenant Wingz
3%
Luis
3%
Madelyn Carpal-Tunnel
3%
Mama Carconi
3%
Morris Buttermaker
3%
Mrs. Neiderhoff
3%
Mr. Tafferelli
3%
No Name
3%
Olladouis Goofoff
3%
Patrick Brian Michael Green-Howard
3%
Quentin Poundridge
3%
Rolex Gordini
3%
Ronald Peechotka
3%
Rumpleteazer
3%
Sir Jennings Cockburn
3%
Tanqueray
3%
Toga Gomez
3%
Yeager Chillax
3%
Albert Gerky
1%
Betsy
1%
Betty Bea Getty McClanahan
1%
Bob Danelou
1%
Branson McNair
1%
Brock
1%
Captain Ed Mercer
1%
Charles Logan
1%
Christine Lucy L'amour
1%
Chuck Deptula
1%
Clancy
1%
Clum Bizzleskottom
1%
Coach Keegan
1%
Colton Lancington
1%
Cordelia Buttersnatch
1%
DeAndre Comadendo
1%
Demitri Krotchlikmioff
1%
Dirt Mirklegunk
1%
Doug Nugget
1%
Dr. Lawrence Feldman
1%
Edith
1%
Enrique Ruiz
1%
Ernest Schlumple
1%
Felize Nachodad
1%
Guunther
1%
H.G. Rimmons
1%
Hubert LaGrange
1%
Ira Seagull
1%
Irwin Beyer Jr.
1%
John Goodhorse
1%
Johnny Lasagna
1%
Josh Bycel
1%
Keith
1%
Lou Bobba Doo
1%
Lucius Mayweather
1%
Luis Valdez
1%
Machmud Thikbooti
1%
Mario Vincent San Gervase
1%
Maurice Barnes
1%
Mike Babcock
1%
Montou
1%
Mr. Hemingway
1%
Paulie Gaultieri
1%
Pete Pendelman
1%
Rabbi Itzhak
1%
Ratso Rizzo
1%
Rusty Buntafolio
1%
Samantha Kingsbury
1%
Schwinn Chafecrotch
1%
Shelly
1%
Shinju Omigawa
1%
Subject B13
1%
Sweeps McCullough
1%
Tammy Twopiece
1%
Tato Monticello
1%
Teddy Shrayberg
1%
The Prince of Marti Gras
1%
Tommy Calhoun
1%
Trevor
1%
Twanderlust Lumpkin
1%
Vince Monaco
1%
Wolfman Jack knockoff
1%
W. Willard Wartz
1%
No matching quizzes found
Score Distribution
Percent of People with Each Score
Percentile by Number Answered
Your Score History
You have not taken this quiz since the last reset